| 000 | 00714nam a2200217 a 4500 | ||
|---|---|---|---|
| 005 | 20240925064658.0 | ||
| 008 | 991125s1964 mx 000 0 spa u | ||
| 035 | _aUPN01000045213 | ||
| 049 | _aCG | ||
| 050 | 4 |
_aHM101 _bM4.68 |
|
| 100 | 1 |
_aMills, Charles Wright, _d1916-1962 _929271 |
|
| 245 | 1 | 0 |
_aPoder, política, pueblo / _cC. Wright Mills ; ed. Irving L. Horowitz ; tr. Julieta Campos. |
| 260 |
_aMéxico : _bFCE, _c1964. |
||
| 300 | _axxxviii, 480 p. | ||
| 440 | 0 | _aSección de obras de sociología | |
| 650 | 4 |
_aPoder (Ciencias sociales) _91203 |
|
| 650 | 4 |
_aCambio social _94887 |
|
| 651 | 4 |
_aESTADOS UNIDOS - _xVIDA SOCIAL Y COSTUMBRES _918655 |
|
| 700 | 1 |
_aHorowitz, Irving L., _eed. |
|
| 905 | _aLibro | ||
| 999 |
_c45213 _d45213 |
||